000 00385nam a22001577a 4500
005 20160426102216.0
008 160426b xxu||||| |||| 00| 0 eng d
020 _a0-07-463652-9
041 _aeng
082 _b00001
100 _aPurkayastha, S
_945
245 _aGlobal Innovation Strategics
260 _aNew Delhi
_bTata Mc-Graw Hill Publi. Co Ltd
_c2000
300 _a194
942 _cBK
999 _c3
_d3